| 000 | 00423 a2200157 4500 | ||
|---|---|---|---|
| 003 | OSt | ||
| 005 | 20231107150905.0 | ||
| 008 | 231107b |||||||| |||| 00| 0 eng d | ||
| 040 | _coclc | ||
| 082 |
_a297 _bHAM/I |
||
| 245 |
_aIslam Vol 1: _bVishwasadarshanam / |
||
| 250 | _a2nd ed. | ||
| 260 |
_aKerala: _bYuvatha book house, _c2014. |
||
| 300 | _a946p | ||
| 942 |
_2ddc _cBK _h297 _iHAM/I _k297 _mHAM/I |
||
| 999 |
_c42862 _d42862 |
||